00970nam a2200217 a 4500001000200000003000900002005001700011007000200028008004000030040002200070082003100092110005400123240001900177245013200196260005300328300002500381505020300406650005600609650005300665700003400718 DO-SdBNP20210504132658.0 100222s1998 dr a 000 0 spa d aBPMSUbspacBPMSU a342.729307bR426c,19982222 aRepública Dominicana.bJunta Central Electoral  a[Leyes, etc.].10aCompilación de la legislación electoral de la República Dominicana, 1998 /cpresentación Juan Sully Bonnelly Batlleb  aSanto Domingo :bJunta Central Electoral, c1998 a75 p. ;c22 cm.b 0 aConstitución de la República Dominicana -- Ley electoral no. 5884 -- Reglamentos de la Junta Central Electoral -- Resoluciones de la Junta Central Electoral -- Relación de alianzas electorales 4aElecciones xLegislaciónz República Dominicana 4aSufragioxLegislación zRepública Dominicana1 aBonnelly Batlle, Juan Sully